Quizzes
Events
Quiz Creation
Community
Videos
Private Events
Remove Ads
Sign In
Join for FREE
Feedback
Dark Mode
Quiz Categories
Sports
Geography
Music
Movies
Television
Just For Fun
Miscellaneous
History
Literature
Language
Science
Gaming
Entertainment
Religion
Holiday
For Kids
Quiz Lab
Recent
Popular Today
Quiz Kudos Today
Editor Picks
Curator Picks
Quizzes by...
Day
Popularity
Type
Ratings
Length
Year
Community
Subscriptions
Recent Discussions
Orange Saloon
Badges
Playlists
Quests
Create
Leaderboards
Showdown
Live 5
Trivia Bingo
Activity
Puzzle Library
Sporcle Events
Private Events
Virtual Trivia
Globe League
Become a Host
Pub Owners
SporcleCon
Opinionation
Our Games
Videos
Blog
Mobile Apps
Partnerships
Remove Ads and Go Orange
Feedback
Gaming
Video Games
Board Games
Card Games
Pokémon
Mario
Nintendo
Minecraft
Console
Toys
Legend of Zelda
Gaming
Video Games
Board Games
Card Games
Pokémon
Mario
Nintendo
Minecraft
Console
Toys
Legend of Zelda
Random Quiz
Search Sporcle
×
Quiz Lab
Quiz Lab
Gaming
Pokémon
Type in answers that appear in a list
Type in answers that appear in a list
Classic
Best Score? Go Orange.
Original Pokemon...In Order! Stats
Can you name the original pokemon...in order!?!?
By
Tonmaster
12m
151 Questions
306 Plays
306 Plays
306 Plays
Comments
Comments
Give Quiz Kudos
Give Quiz Kudos
-
- Ratings
hide this ad
More Info
Forced Order
Answers have to be entered in order
Answers have to be entered in order
Replay
Link that replays current quiz
Next Quiz
Link to next quiz in quiz playlist
You Got
0%
They Got
Avg Score
54%
Avg Friend Score
Upgrade to see
Score Distribution
Jump to the score distribution portion of the page
Score
0/151
Timer
12:00
0
Plays Today
#
Pokemon
% Correct
1
Bulbasaur
99.3%
2
Ivysaur
97.1%
4
Charmander
95.1%
6
Charizard
94.4%
3
Venusaur
94.1%
5
Charmeleon
94.1%
7
Squirtle
93.1%
8
Wartortle
92.5%
9
Blastoise
92.2%
11
Metapod
87.9%
12
Butterfree
87.9%
10
Caterpie
87.6%
15
Beedrill
87.6%
13
Weedle
87.3%
14
Kakuna
86.6%
16
Pidgey
85%
17
Pidgeotto
85%
18
Pidgeot
84.6%
19
Rattata
80.4%
20
Raticate
80.4%
25
Pikachu
78.1%
26
Raichu
78.1%
22
Fearow
77.8%
21
Spearow
77.5%
24
Arbok
72.9%
23
Ekans
72.5%
27
Sandshrew
71.6%
28
Sandslash
71.6%
29
Nidoran (Female)
68.6%
30
Nidorina
68.6%
31
Nidoqueen
68.6%
32
Nidoran (Male)
68.6%
33
Nidorino
68.6%
34
Nidoking
68.6%
35
Clefairy
65%
36
Clefable
64.7%
39
Jigglypuff
61.4%
40
Wigglytuff
61.4%
37
Vulpix
59.5%
38
Ninetales
59.2%
41
Zubat
58.8%
42
Golbat
58.8%
44
Gloom
58.8%
43
Oddish
58.5%
45
Vileplume
58.2%
50
Diglett
54.6%
51
Dugtrio
54.6%
52
Meowth
53.9%
151
Mew
53.6%
48
Venonat
53.6%
49
Venomoth
53.6%
#
Pokemon
% Correct
53
Persian
53.6%
150
Mewtwo
53.3%
46
Paras
52.9%
54
Psyduck
52.9%
55
Golduck
52.9%
47
Parasect
52.6%
63
Abra
52.6%
64
Kadabra
52.6%
65
Alakazam
52.6%
66
Machop
52.6%
67
Machoke
52.6%
68
Machamp
52.6%
148
Dragonair
52.3%
149
Dragonite
52%
147
Dratini
52%
58
Growlithe
51.3%
59
Arcanine
51%
144
Articuno
51%
145
Zapdos
51%
146
Moltres
51%
70
Weepinbell
50.3%
56
Mankey
50%
57
Primeape
50%
60
Poliwag
50%
61
Poliwhirl
50%
62
Poliwrath
50%
69
Bellsprout
50%
71
Victreebel
49.3%
100
Voltorb
48.7%
101
Electrode
48.7%
74
Geodude
48.4%
75
Graveler
48%
76
Golem
48%
78
Rapidash
46.1%
72
Tentacool
45.8%
73
Tentacruel
45.8%
77
Ponyta
45.8%
92
Gastly
45.1%
93
Haunter
45.1%
94
Gengar
45.1%
83
Farfetch'd
44.8%
84
Doduo
44.8%
85
Dodrio
44.4%
81
Magnemite
44.1%
82
Magneton
44.1%
86
Seel
44.1%
87
Dewgong
43.8%
79
Slowpoke
43.5%
80
Slowbro
43.1%
143
Snorlax
43.1%
95
Onix
42.8%
#
Pokemon
% Correct
98
Krabby
42.5%
99
Kingler
42.5%
133
Eevee
42.5%
134
Vaporeon
42.5%
135
Jolteon
42.5%
141
Kabutops
42.5%
136
Flareon
42.2%
140
Kabuto
42.2%
138
Omanyte
41.8%
139
Omastar
41.8%
142
Aerodactyl
41.8%
88
Grimer
41.5%
89
Muk
41.5%
103
Exeggutor
41.5%
90
Shellder
41.2%
91
Cloyster
41.2%
96
Drowzee
41.2%
97
Hypno
41.2%
106
Hitmonlee
40.8%
107
Hitmonchan
40.5%
102
Exeggcute
40.2%
131
Lapras
40.2%
129
Magikarp
39.9%
137
Porygon
39.9%
109
Koffing
39.5%
110
Weezing
39.5%
113
Chansey
39.5%
104
Cubone
39.2%
124
Jynx
39.2%
105
Marowak
38.9%
130
Gyarados
38.6%
108
Lickitung
38.2%
120
Staryu
37.9%
121
Starmie
37.9%
123
Scyther
37.9%
125
Electabuzz
37.9%
126
Magmar
37.9%
132
Ditto
37.9%
118
Goldeen
37.6%
128
Tauros
37.6%
111
Rhyhorn
37.3%
112
Rhydon
37.3%
119
Seaking
37.3%
114
Tangela
36.9%
116
Horsea
36.9%
117
Seadra
36.9%
122
Mr. Mime
36.3%
127
Pinsir
36.3%
115
Kangaskhan
35.3%
Quiz Playlist
Details
Report
Send in Message
Add To Playlist
More Info:
In Order! Whoa! New twist!
Classic:
Type in answers that appear in a list
Forced Order:
Answers have to be entered in order
Last Updated: Feb 16, 2017
Quiz Scoreboard
CHALLENGE
Sign Up to Join the Scoreboard
Show All
Scores
Hide
Comments
May contain spoilers
Recently Published
9x9 Crossword: Cartoon Network
by jackfrog10
Miscellaneous
3m
College Basketball Coaching Resumes
by pancakes188
Sports
9m
Billboard Blitz: Fleetwood Mac
by CooCooCachoo
Music
15s
More to Explore
Quiz From the Vault
Featured Blog Post
Where Did the Easter Bunny Come From?
hide this ad
You Might Also Like...
Tags
Pokémon Quiz
original
Today's Top Quizzes in Gaming
Browse Gaming
hide this ad
Today's Top Quizzes in Pokémon
Browse Pokémon
Top Contributed Quizzes in Gaming
1
5-to-1: Consoles
2
7-to-1: Board Game Piece Blitz
3
5-to-1: Legend of Zelda
4
League of Legends Pro Players by Career/Team History
5
Destiny 2 exotic weapons by perk icons
6
Ultimate Genshin Impact Logic Puzzle (up to 4.3)
7
Franchise by Action Figure
8
Who's on the WWE 2K24 Cover?
9
Genshin Impact Logic Puzzle Quiz
10
Overwatch Logic Puzzle
Explore More
Trending Topics
NBA
Marvel
Crossword
Anime
Disney
Kpop
Harry Potter
NFL
WWE
Soccer
The Office
Song
Country
Puzzle
Pokémon
hide this ad
More By:
Tonmaster
Quiz
Plays
Rating
Category
Featured
Created
First Evolution Pokemon (Gen 1)
2,840
4.35
Gaming
Jun 23, 2010
Interpol Songs
717
5.00
Music
Sep 9, 2010
Galar Pokedex
647
5.00
Gaming
Dec 14, 2019
Dead Kennedys Songs
541
4.17
Music
May 18, 2010
First Evolution Pokemon (Gen 2)
420
4.80
Gaming
Jul 27, 2010
Go to Creator's Profile
Score Distribution
Quiz Creator Spotlight
Tonmaster
Follow
Send a Message
Quizzes Created
-
Created Quiz Play Count
-
More By This Creator
Popular Quizzes Today
1
Find the US States - No Outlines Minefield
2
Find the Countries of Europe - No Outlines Minefield
3
The Countries of the World
4
Find the US States
5
Risky Map Clicking: Biggest States A-Z
6
US States
7
Popular People in 1961
8
Movies - When Are They Set?
More Gaming Quizzes
Real Pokémon Types
Published
Trending Quizzes
Risky Map Clicking: Least Populous States A-Z
1-10 Letter G Words
1-10 Letter F Words
Risky Map Clicking: Next State Alphabetically
Adjectives in 80s TV Shows
Recently Updated
Leaping Animals
pecheneg
Reality TV Shows (A-Z)
bhenderson79
Rickey Henderson's Hall of Fame Teammates
pecheneg
Champions League XIs: Arsenal
pecheneg
Quick Pick: Celebrities in WWE's Hall of Fame
aduchscher
A-Z Keypad Blitz II
pecheneg
Multiple Oscar Actors
pecheneg
Mystery Phrase Blitz: Oscar 'Best Actors'
pecheneg
F. Scott Fitzgerald Novels
LTH
Pick 3 Villains
ddd62291
Trending Topics
Kpop
Harry Potter
Anime
Crossword
Marvel
Disney
NBA
The Office
Country
Pokémon
NFL
Song
Puzzle
Soccer
WWE
Your Account Isn't Verified!
In order to create a playlist on Sporcle, you need to verify the email address you used during registration. Go to your
Sporcle Settings
to finish the process.
Report this User
Report this user for behavior that violates our
Community Guidelines
.
Details:
Send Report
Go to the Sporcle.com Mobile Site →
Comments